Węgierscy sportowcy - nagła śmierć - Statystyki

Ogólne statystyki
  • Ten quiz został rozwiązany 47 razy
  • Średni wynik to 11 z 12
Answers on the Grid
Answers color-coded by a green-red scale on the quiz's grid according to % correct below.
Ferenc Puskás
Gregor Schlierenzauer
Marco Verratti
Dominik Szoboszlai
Katinka Hosszú
Taulant Xhaka
Nemanja Nikolić
Vincent Aboubakar
Kristóf Milák
Dušan Tadić
Ádám Bogdán
László Cseh
Goran Dragić
Péter Gulácsi
Dimitri Payet
Gergő Lovrencsics
Youri Tielemans
Kostas Manolas
Gábor Király
Riyad Mahrez
Antoine Griezmann
Balázs Dzsudzsák
Marcel Hirscher
Aladár Gerevich
 
Statystyki odpowiedzi
Odpowiedź % Poprawnych
Dominik Szoboszlai
100%
Ferenc Puskás
98%
Balázs Dzsudzsák
96%
László Cseh
94%
Katinka Hosszú
91%
Péter Gulácsi
91%
Gábor Király
89%
Gergő Lovrencsics
89%
Ádám Bogdán
87%
Kristóf Milák
85%
Aladár Gerevich
83%
Nemanja Nikolić
60%
Nie znaleziono quizów pasujących do podanych kryteriów
Rozkład punktacji
Procent ludzi z każdym wynikiem
Percentyl według liczby udzielonych odpowiedzi
Twoja historia wyników
Nie rozwiązałeś tego quizu